Оценка конкурентоспособности облачных сервисов; Современные технологии поддержки принятия решений в экономике

Dettagli Bibliografici
Parent link:Современные технологии поддержки принятия решений в экономике.— 2015.— [С. 93-95]
Autore principale: Кремнева М. С.
Ente Autore: Национальный исследовательский Томский политехнический университет (ТПУ) Юргинский технологический институт (филиал) (ЮТИ) Кафедра информационных систем (ИС)
Altri autori: Разумников С. В. Сергей Викторович (научный руководитель)
Riassunto:Заглавие с титульного экрана
Lingua:russo
Pubblicazione: 2015
Serie:Системный анализ, управление и обработка информации в экономике
Soggetti:
Accesso online:http://earchive.tpu.ru/handle/11683/18134
http://www.lib.tpu.ru/fulltext/c/2015/C79/036.pdf
Natura: MixedMaterials Elettronico Capitolo di libro
KOHA link:https://koha.lib.tpu.ru/cgi-bin/koha/opac-detail.pl?biblionumber=616077

MARC

LEADER 00000naa2a2200000 4500
001 616077
005 20231101132906.0
035 |a (RuTPU)RU\TPU\conf\14310 
035 |a RU\TPU\conf\14307 
090 |a 616077 
100 |a 20151207d2015 k y0rusy50 ca 
101 0 |a rus 
102 |a RU 
105 |a y z 101zy 
135 |a drgn ---uucaa 
181 0 |a i  
182 0 |a b 
200 1 |a Оценка конкурентоспособности облачных сервисов  |f М. С. Кремнева  |g науч. рук. С. В. Разумников 
203 |a Текст  |c электронный 
225 1 |a Системный анализ, управление и обработка информации в экономике 
230 |a 1 компьютерный файл (pdf; 341 Kb) 
300 |a Заглавие с титульного экрана 
320 |a [Библиогр.: с. 95 (3 назв.)] 
337 |a Adobe Reader 
463 0 |0 (RuTPU)RU\TPU\conf\14241  |t Современные технологии поддержки принятия решений в экономике  |o сборник трудов Всероссийской научно-практической конференции студентов, аспирантов и молодых ученых, 19-20 ноября 2015 г., г. Юрга  |f Национальный исследовательский Томский политехнический университет (ТПУ), Юргинский технологический институт (ЮТИ) ; под ред. Д. А. Чинахова  |v [С. 93-95]  |d 2015 
610 1 |a труды учёных ТПУ 
610 1 |a электронный ресурс 
610 1 |a конкурентоспособность 
610 1 |a облачные сервисы 
610 1 |a информационная безопасность 
610 1 |a предприятия 
610 1 |a облачные платформы 
700 1 |a Кремнева  |b М. С. 
702 1 |a Разумников  |b С. В.  |c специалист в области информатики и вычислительной техники  |c ассистент Юргинского технологического института (филиала) Томского политехнического университета  |f 1988-  |g Сергей Викторович  |2 stltpush  |4 727 
712 0 2 |a Национальный исследовательский Томский политехнический университет (ТПУ)  |b Юргинский технологический институт (филиал) (ЮТИ)  |b Кафедра информационных систем (ИС)  |h 1492  |2 stltpush  |3 (RuTPU)RU\TPU\col\18893 
801 2 |a RU  |b 63413507  |c 20210217  |g RCR 
856 4 |u http://earchive.tpu.ru/handle/11683/18134 
856 4 |u http://www.lib.tpu.ru/fulltext/c/2015/C79/036.pdf 
942 |c BK